Normal view
MARC view
- Basharat ullah
Entry Personal Name
001 - CONTROL NUMBER
- control field: 10094
003 - CONTROL NUMBER IDENTIFIER
- control field: NUST
005 - DATE AND TIME OF LATEST TRANSACTION
- control field: 20180308085853.0
008 - FIXED-LENGTH DATA ELEMENTS
- fixed length control field: 180308|| aca||aabn | a|a d
040 ## - CATALOGING SOURCE
- Original cataloging agency: NUST
- Transcribing agency: NUST
100 ## - HEADING--PERSONAL NAME
- Personal name: Basharat ullah
670 ## - SOURCE DATA FOUND
- Source citation: Work cat.: (NUST): Basharat ullah, Finite control set model predictive control of noninverting buck-boost DC-DC switching converter, 2017
